এ্যারিস্টোকানেসের লিসিসট্র্যাটা (Record no. 3891)
[ view plain ]
| 000 -LEADER | |
|---|---|
| fixed length control field | 00494nam a2200133Ia 4500 |
| 008 - FIXED-LENGTH DATA ELEMENTS--GENERAL INFORMATION | |
| fixed length control field | 151213s9999 xx 000 0 und d |
| 100 ## - MAIN ENTRY--PERSONAL NAME | |
| Personal name | কবীর চেীধুরী |
| 245 ## - TITLE STATEMENT | |
| Title | এ্যারিস্টোকানেসের লিসিসট্র্যাটা |
| Statement of responsibility, etc. | কবীর চেীধুরী |
| 260 ## - PUBLICATION, DISTRIBUTION, ETC. (IMPRINT) | |
| Place of publication, distribution, etc. | ঢাকা |
| Name of publisher, distributor, etc. | বাংলা একাডেমী |
| Date of publication, distribution, etc. | 1984 |
| 300 ## - PHYSICAL DESCRIPTION | |
| Extent | 7321 p. |
| 650 ## - SUBJECT ADDED ENTRY--TOPICAL TERM | |
| Topical term or geographic name as entry element | Bangla |
| 700 ## - ADDED ENTRY--PERSONAL NAME | |
| Personal name | কবীর চেীধুরী |
No items available.
